The teezle wedding day rescue
| Main Author: | |
|---|---|
| Format: | Book |
| Published: |
England :
Peter Haddock Limited ,
19__
|
| Subjects: |
MARC
| LEADER | 00000cam a2200000 7i4500 | ||
|---|---|---|---|
| 001 | 0000008566 | ||
| 002 | 000009335 | ||
| 005 | 20000330.0 | ||
| 020 | |a 0710505949 | ||
| 090 | 0 | 0 | |a JF |b BAR |
| 100 | 1 | |a Barber, Terry | |
| 245 | 1 | 0 | |a The teezle wedding day rescue |c Terry Barber |
| 260 | |a England : |b Peter Haddock Limited , |c 19__ | ||
| 300 | |a p.v : |b ill ; |c 39cm. | ||
| 650 | 0 | 0 | |a Children's stories |
| 999 | |a 052431 |b BUKU |c PINJAMAN |e PERPUSTAKAAN KOMUNITI PETALING JAYA | ||
| 999 | |a 052432 |b BUKU |c PINJAMAN |e PERPUSTAKAAN KOMUNITI PETALING JAYA | ||